(Khmer) Ikigai / (Record no. 49804)
| 000 -LEADER | |
|---|---|
| fixed length control field | 00451nam a2200145 4500 |
| 020 ## - INTERNATIONAL STANDARD BOOK NUMBER | |
| International Standard Book Number | 9789924943518 |
| 041 ## - LANGUAGE CODE | |
| Language code of text/sound track or separate title | Khmer. |
| Language code of original and/or intermediate translations of text | Spanish. |
| 100 ## - MAIN ENTRY--PERSONAL NAME | |
| Personal name | Garcia, Hector. |
| 9 (RLIN) | 86936 |
| 245 ## - TITLE STATEMENT | |
| Title | (Khmer) Ikigai / |
| Statement of responsibility, etc | Hector Garcia and Francesc Miralles. |
| 260 ## - PUBLICATION, DISTRIBUTION, ETC. (IMPRINT) | |
| Place of publication, distribution, etc | Cambodia: |
| Name of publisher, distributor, etc | My Bookshop; |
| Date of publication, distribution, etc | 2020. |
| 300 ## - PHYSICAL DESCRIPTION | |
| Extent | 220 p. |
| Dimensions | 21 cm. |
| 650 ## - SUBJECT ADDED ENTRY--TOPICAL TERM | |
| Topical term or geographic name as entry element | Well- being-- Japan. Quality of life. |
| 9 (RLIN) | 86937 |
| 700 ## - ADDED ENTRY--PERSONAL NAME | |
| Relator code | translator. |
| Personal name | Poy Sothon. |
| 9 (RLIN) | 86938 |
| 942 ## - ADDED ENTRY ELEMENTS (KOHA) | |
| Source of classification or shelving scheme | |
| Koha item type | Khmer NON FIC Books |
| Withdrawn status | Lost status | Source of classification or shelving scheme | Damaged status | Not for loan | Collection code | Home library | Current library | Date acquired | Full call number | Barcode | Date last seen | Price effective from | Koha item type |
|---|---|---|---|---|---|---|---|---|---|---|---|---|---|
| Siem Riep | Asian Hope Secondary Library | Asian Hope Secondary Library | 11/20/2025 | KHMER 613 GAR | 208795 | 01/16/2026 | 11/20/2025 | Khmer NON FIC Books |